| 000 | 01023cam a2200253 4500 | ||
|---|---|---|---|
| 001 | WB3543-06 | ||
| 008 | 000000n1999 000 0 eng u | ||
| 035 | _a(Sirsi) u101449 | ||
| 245 | _aOverall returns likely to break 25% | ||
| 260 | _c1999 | ||
| 490 |
_aIrish Times _v3 November 1999, 2:1(1) |
||
| 520 | _aDiscusses two reports on the Irish commercial property market showing that property is continuing to outperform bonds or equities. Investment Property Databank (IPD) puts the all-property return for the 3Q 1999 at 6.3%; Jones Lang LaSalle's index reports returns of 7.1% for the same period. | ||
| 590 | _aWB | ||
| 650 | _aPROPERTY-COMMERCIAL PROPERTY-COMMERCIAL PROPERTY MARKET | ||
| 650 | _aIRISH PROPERTY INDEX | ||
| 650 | _aIRELAND | ||
| 650 | _aREPUBLIC OF IRELAND | ||
| 650 | _aIPD | ||
| 650 | _aINVESTMENT PROPERTY DATABANK | ||
| 650 | _aJONES LANG LASALLE | ||
| 650 | _aPROPERTY RETURNS | ||
| 690 | _aPROPERTY-COMMERCIAL PROPERTY-COMMERCIAL PROPERTY FINANCE AND INVESTMENT | ||
| 942 | _n0 | ||
| 999 |
_c60587 _d60587 |
||